| 000 | 00857nam a2200205 a 4500 | ||
|---|---|---|---|
| 005 | 20260322212025.0 | ||
| 008 | data | ||
| 099 | _aDICT | ||
| 100 | 1 |
_aDickens, Charles, _d1812-1870. |
|
| 245 | 1 | 2 |
_aA tale of two cities _cCharles Dickens & Frederick Barnard. |
| 260 |
_aBoston _bBooks, Inc. |
||
| 300 |
_a176 p. : _b ill. ; _c 21 cm. |
||
| 500 | _aIn Library storage. | ||
| 500 | _aNot dated. This edition contains all the copyright emendations made in the text as revised by the Author in 1867 and 1868. Cleartype edition. | ||
| 520 | _aThe works of Charles Dickens, volume VI. | ||
| 650 | 0 | 2 |
_aFrance _xhistory _xhistory _vfiction |
| 700 | 1 |
_aBarnard, Frederick, _d1846-1896. |
|
| 856 | 4 | 0 |
_uhttps://openlibrary.org/works/OL8721465W/A_Tale_of_Two_Cities?edition=taleoftwocities00dick_9 _yOnline access from the Open Library. _zRequires free sign up. |
| 001 | data | ||
| 999 |
_c579 _d579 |
||